Hướng đẫn giải bài tập giải tích
Сохранить в:
| Формат: | |
|---|---|
| Язык: | Undetermined |
| Опубликовано: |
Cần Thơ
Trường Đại học Cần Thơ
1980
|
| Предметы: | |
| Метки: |
Добавить метку
Нет меток, Требуется 1-ая метка записи!
|
| Thư viện lưu trữ: | Trung tâm Học liệu Trường Đại học Cần Thơ |
|---|
| LEADER | 00645nam a2200193Ia 4500 | ||
|---|---|---|---|
| 001 | CTU_1312 | ||
| 008 | 210402s9999 xx 000 0 und d | ||
| 082 | |a 515.076 | ||
| 082 | |b H561/T.3 | ||
| 245 | 0 | |a Hướng đẫn giải bài tập giải tích | |
| 260 | |a Cần Thơ | ||
| 260 | |b Trường Đại học Cần Thơ | ||
| 260 | |c 1980 | ||
| 650 | |a Mathematical analysis | ||
| 650 | |x Problems, exercises | ||
| 904 | |a Hướng dẫn giải bài tập giải tích; T3 | ||
| 904 | |c Trường Đại học Cần Thơ | ||
| 904 | |i Minh, 960813 | ||
| 980 | |a Trung tâm Học liệu Trường Đại học Cần Thơ | ||